000 00410cam a2200157ua 4500
041 _aeng
_h
082 _a828.09
_bGRA/PR
100 _aGranville-Barker, Harley .
245 _aPrefaces to Shakespeare, Vol 2 /
_cHarley Granville-Barker.
_hTextual Documents
250 _a1 /
_b.
260 _aLondon :
_bB T Batsford Ltd ,
_c1961.
300 _a449 ; .
504 _a
942 _cBK
999 _c3546
_d3546